|
|
|
|
| LEADER |
00000nam a22000007a 4500 |
| 005 |
20210507010455.0 |
| 007 |
cr|||| |||| |
| 008 |
210507s2021 es |||||s|||| 00||0 spa d |
| 020 |
|
|
|a 978-84-09-188543
|
| 035 |
|
|
|a 33243
|
| 040 |
|
|
|a vLex
|
| 090 |
|
|
|c 11625
|d 11625
|
| 100 |
1 |
|
|a Amadeo Gadea, Sergio
|
| 245 |
1 |
0 |
|a Cd̤igo penal
|h [Recurso electrn̤ico] :
|b Parte general /
|c Sergio Amadeo Gadea
|
| 256 |
|
|
|a Servicio en ln̕ea
|
| 260 |
|
|
|a Madrid:
|b Factum Libri Ediciones,
|c 2021
|
| 300 |
|
|
|a 1 recurso electrn̤ico
|
| 500 |
|
|
|a Con las modificaciones introducidas por las Leyes Orgǹicas 1/2019, de 20 de febrero; 2/2019, de 1 de marzo y 2/2020, de 16 de diciembre. Este libro que ahora ve la luz de la mano de la editorial Factum Libri, tiene un contenido eminentemente prc̀tico, elaborado desde la doctrina jurisprudencial dictada por nuestros Tribunales de Justicia. El germen de esta obra es el cd̤igo penal de 2015 que publicamos con esta misma editorial y que tuvo una gran acogida por parte de los operadores jurd̕icos. Pasados cinco aǫs desde su publicacin̤ y de la profunda reforma producida en el aǫ 2015 y posteriormente con las reformas habidas en el aǫ 2019 por las Leyes Orgǹicas 1/2019 y 2/2019 y en el aǫ 2020 por la LO 2/2020, fuimos ampliando la obra con nuevos comentarios e incorporando la nueva doctrina jurisprudencial y las Circulares de la Fiscala̕ General del Estado que interpretaban los nuevos preceptos penales. Sin embargo, tamaǫ trabajo produjo un indeseable efecto: la obra haba̕ quedado demasiado grande para ser publicada en un solo tomo, por lo que se decidi ̤dividirla para que pueda ser manejable para el lector y el operador jurd̕ico. Por dicho motivo, el cd̤igo penal se presenta ahora en una coleccin̤ monogrf̀ica contenida en 4 Tomos: 1 de la Parte General y 3 Tomos dedicados a la Parte Especial. La obra comenta los artc̕ulos del cd̤igo penal citando las ms̀ recientes sentencias de nuestros tribunales nacionales: Tribunal Constitucional, Tribunal Supremo, Tribunales Superiores de Justicia, Audiencia Nacional, Audiencias Provinciales, Juzgados de lo Penal, Juzgados de Instruccin̤ y Juzgados de Menores.
|
| 506 |
1 |
|
|a Disponible solo en los productos indicados
|d vLex Global
|d vLex Global (Academic Edition, excluding Law Schools)
|d vLex Global (U.S. Academic Edition, Law Schools)
|d vLex Global (U.S. Academic Edition, excluding Law Schools)
|d vLex Global (Academic Edition, Law Schools)
|
| 650 |
0 |
4 |
|a Derecho Penal
|z Espaą
|
| 740 |
0 |
|
|a vLex Libros (Servicio en ln̕ea)
|
| 856 |
4 |
0 |
|u https://vlex.com/source/codigo-penal-parte-general-con-las-modificaciones-introducidas-por-las-leyes-organicas-1-2019-de-20-de-febrero-2-2019-de-1-de-marzo-y-2-2020-de-16-de-diciembre-33243
|z Acceso restringido
|
| 942 |
|
|
|c BOOK
|
| 999 |
0 |
|
|a Criminal law
|